000 00557nam a22001937a 4500
005 20251108170904.0
008 250721s9999 xx 000 0 ara d
082 1 4 _aط/ 627.8
245 1 0 _aالسدود و البحيرات /
264 1 _aالقاهرة :
_bدار المعارف،
_c[19-].
300 _a28ص.
490 0 _aالمعارف للأولاد
650 1 7 _aالسدود
650 1 7 _aالبحيرات
650 1 7 _aالهندسة المائية
653 _aناشئون صغار (10-14 سنة)
942 _2ddc
_cBK
999 _c51396
_d51396